| 000 | 01174nam0a22002771 4500 | ||
|---|---|---|---|
| 001 | rc\407100 | ||
| 005 | 20260407104823.0 | ||
| 035 | _a(NLR Aleph) 005655417 | ||
| 090 |
_a6816494 _c6816494 |
||
| 100 | _a20030616d1988 |||y0rusy50 ca | ||
| 101 | 0 | _arus | |
| 102 | _aRU | ||
| 105 | _ay ||||||||| | ||
| 200 | 1 |
_aАвтоматизированные системы управления предприятием _e[Текст лекций _fО.К. Платов, Т.Я. Гольдина, Г.В. Гобина и др.] _gПод ред. М.В. Терина _gЯросл. политехн. ин-т |
|
| 210 |
_aЯрославль _cЯПИ _d1988 |
||
| 215 |
_a44 с. _d21 |
||
| 300 | _aАвт. указаны на обороте тит. л. | ||
| 320 | _aБиблиогр.: с. 44 (10 назв.) | ||
| 701 | 1 |
_aПлатов _bО.К. _gОлег Константинович |
|
| 702 | 1 |
_aТерин _bМ.В. _gМихаил Викторович _4340 |
|
| 712 | 0 | 2 |
_aЯрославский политехнический институт _3RU\NLR\AUTH\889935889 _9366639 |
| 801 | 0 |
_aRU _bNLR _gpsbo |
|
| 801 | 1 |
_aRU _bELAR _2rusmarc |
|
| 852 |
_aNLR _j88-4/21208 |
||
| 942 | _cBOOK | ||
| 980 | _aNB | ||